Kureşan ocağı (Record no. 11797)

MARC details
000 -BAŞLIK
Sabit Uzunlukta Kontrol Alanı 01240na a2200325 4500
001 - KONTROL NUMARASI
Denetim Alanı 24198
003 - KONTROL NUMARASI IDENTIFIER
Denetim Alanı MIRAKIL
005 - SON İŞLEM TARİHİ VE ZAMANI
Denetim Alanı 20181226104234.0
008 - SABİT-BOY VERİ ELEMANLARI - GENEL BİLGİLER
Sabit Uzunlukta Kontrol Alanı 181126b tu 000 0
020 ## - ULUSLARARASI STANDART KİTAP NUMARASI
Uluslararası Standart Kitap Numarası 9786050940923
041 ## - DİL KODU
Metin / Ses Parça Veya Ayrı Başlığın Dil Kodu tur
082 ## - DEWEY ONLU SINIFLANDIRMA NUMARASI
Sınıflandırma Numarası 923.2
Ürün Numarası Ö39k 2017
090 ## - SINIFLAMA NUMARASI
Sınıflama Numarası 923.2 Ö39k 2017
100 ## - ANA GİRİŞ - KİŞİSEL İSİM
Kişisel Ad Öğüt, Ensar
245 ## - BAŞLIK TABLOSU
Başlık Kureşan ocağı
Başlığın Kalan Bir liderin göç yolu Horasandan Anadolu'ya Kemal Kılıçdaroğlu
Sorumluluk Tablosu, Vb Ensar Öğüt, Mesut Özcan
246 ## - UNVAN FORM VARYING
Başlık Doğru / Kısa Başlığı Bir liderin göç yolu Horasandan Anadolu'ya Kemal Kılıçdaroğlu
250 ## - EDITION TABLOSU
Baskı Beyanı 5. bs.
260 ## - YAYIN, DAĞITIM, VB
Yayın, Dağıtım, Vb Yeri İstanbul
Yayıncı, Dağıtıcı, Vs Adı Doğan Kitap
Yayın, Dağıtım, Vb Tarihi 2017
Üretici Firma Mega basım yayın
300 ## - FİZİKSEL TANIM
Kapsam 189 s.
Diğer Fiziksel Ayrıntıları fotğ.
Boyutlar 23 sm.
500 ## - GENEL NOT
Genel Not CHP Genel Başkan Yardımcısı Yasemin Öney Cankurtaran bağışıdır.
500 ## - GENEL NOT
Genel Not Yapıt yazarından imzalıdır.
600 ## - KONU KATMA GİRİŞ - KURUMSAL ADI
Kişisel Ad Kılıçdaroğlu, Kemal
Başlıklar Ve Bir Adla İlişkili Diğer Kelimeler CHP Genel Başkanı
Genel Alt Bölümü Soykütüğü
-- Belgeler
600 ## - KONU KATMA GİRİŞ - KURUMSAL ADI
Kişisel Ad Kılıçdaroğlu, Kemal
Başlıklar Ve Bir Adla İlişkili Diğer Kelimeler CHP Genel Başkanı
Genel Alt Bölümü Yaşamöyküsü
650 ## - KONU KATMA GİRİŞ - TOPİKAL DÖNEM
Topikal Süreli Veya Coğrafi Ad Giriş Elemanı Siyaset ve yönetim
Genel Alt Bölümü Türkiye
650 ## - KONU KATMA GİRİŞ - TOPİKAL DÖNEM
Topikal Süreli Veya Coğrafi Ad Giriş Elemanı Kureşan Ocağı
Genel Alt Bölümü Belgeler
-- Tarih
700 ## - KATMA GİRİŞ - KİŞİSEL İSİM
Kişisel Ad Özcan, Mesut
740 ## - KATMA GİRİŞ - KONTROLSUZ İLGİLİ / ANALİTİK BAŞLIK
Kontrol Edilmeyen / İlgili Analitik Başlıktaki Bir liderin göç yolu Horasandan Anadolu'ya Kemal Kılıçdaroğlu
942 ## - EKLENDİ GİRİŞ ELEMANLARI (KOHA)
Sınıflandırma Veya Raf Düzeni Kaynak Dewey Decimal Classification
Koha Öğesi Türü Books
040 ## - KATALOGLAMA KAYNAK
Orijinal Kataloglama Ajansı Milas
Kataloglama Dili tur
Metne Dönüştürmek Ajansı TR-AnCHP
999 ## - SİSTEM KONTROL NUMARALARI (KOHA)
Koha Biblionumber 11797
Koha Biblioitemnumber 11797
Holdings
Kalıcı Konum Mevcut Konum Edinme Tarihi Toplam Check-Out'Lar Tam Çağrı Numarası Barkod Tarih Son Görülme İtibaren Geçerli Fiyatlar Sigara Kamu Notu Koha Öğesi Türü Kopya Sayısı
Parti Okulu Kütüphanesi Parti Okulu Kütüphanesi 06/12/2018   923.2 Ö39k 2017 P00060 06/12/2018 06/12/2018 Books  
Parti Okulu Kütüphanesi Parti Okulu Kütüphanesi 02/26/2024   923.2 Ö39k 2017 21136 02/26/2024 02/26/2024   Books k.2